000 00823cam a2200277 4500
001 ABS66027
008 021017n2002 000 0 eng u
035 _a(Sirsi) u120145
245 _aRegional survey: Scotland
260 _c2002
490 _aProperty Week
_v67(39) 11 October 2002, 59-92(15)
590 _aABS
650 _aSCOTLAND
650 _aPROPERTY-COMMERCIAL PROPERTY-OFFICE PROPERTY-OFFICE PROPERTY MARKET
650 _aPROPERTY-COMMERCIAL PROPERTY-RETAIL PROPERTY-RETAIL PROPERTY MARKET
650 _aINDUSTRIAL MARKET
650 _aSTATISTICS
650 _aPLANNING PROCESS
650 _aEDINBURGH
650 _aGLASGOW
650 _aRESIDENTIAL MARKET
650 _aABERDEEN
650 _aSTATISTICS
690 _aPROPERTY-COMMERCIAL PROPERTY-COMMERCIAL PROPERTY MARKET
942 _n0
999 _c71379
_d71379